[Event "DRUGA LIGA CENTRALNE SRBIJE 2013 - Istok"]
[Site "Zajecar"]
[Date "2013.10.10"]
[Round "1.51"]
[White "Milovanovic, Srboljub"]
[Black "Urosevic, Goran"]
[Result "1/2-1/2"]
[WhiteElo "2222"]
[BlackElo "2239"]
[PlyCount "0"]
[EventDate "2013.10.10"]

1.d4 Nf6 2.c4 c5 3.d5 b5 4.cxb5 a6 5.bxa6 g6 6.Nc3 Bxa6 7.f4
Qa5 8.Bd2 d6 9.Nf3 Bg7 10.e4 O-O 11.Bxa6 Qxa6 12.Qe2 Nbd7 13.Qxa6
Rxa6 14.Rb1 Rb8 15.O-O Ne8 16.Rfe1 Nb6 17.e5 Nc7 18.b4 c4 19.b5
Ra3 20.Rb4 Rxc3 21.Bxc3 Ncxd5 22.Bd2 c3 23.Bxc3 Nxc3 24.Rb3 Rc8
25.Nd4 Rc5 26.Nc6 dxe5 27.Nxe5 Nxa2 28.Ra1 Nc3 29.Ra6 Ncd5 30.g3
Rc2 31.Nc6 e6 32.Kh1 Bf6 33.Nb4 Rc1+ 34.Kg2 Bd4 35.Nxd5 exd5
36.Rd3 Bc5 37.Ra7 Rc2+ 38.Kh3 Bg1 39.g4 Rxh2+ 40.Kg3 Rc2 41.Rb7
h6 42.Ra3 Nc8 43.Rd7 Rc5 44.Ra8 Kg7 45.Rb8 Nb6 46.Rdd8 Rxb5 47.g5
hxg5 48.fxg5 Bd4 49.Rg8+ Kh7 50.Rge8 Rb3+ 51.Kg4 Re3 52.Red8
Re4+ 53.Kh3 Re3+ 54.Kg4 Re7 55.Rd6 Nc4 56.Rdd8 Bg7 57.Rb3 d4
58.Rh3+ Bh6 59.Rxh6+ Kg7 60.Rdh8 f5+ 61.Kg3 Re3+ 62.Kf2 Kf7 63.R8h7+
Kg8 64.Rd7 Re6 65.Rxd4 Nd6 66.Kf3 Nf7 67.Kf4 Nxh6 68.gxh6 Kh7
69.Kg5 Re7 70.Ra4 f4 71.Kxf4 Kxh6 72.Kg4 Re1 73.Ra5 1/2-1/2

[Event "DRUGA LIGA CENTRALNE SRBIJE 2013 - Istok"]
[Site "Zajecar"]
[Date "2013.10.10"]
[Round "1.52"]
[White "Madic, Zivko"]
[Black "Zivkovic, Marko"]
[Result "0-1"]
[WhiteElo "2087"]
[BlackElo "2172"]
[PlyCount "0"]
[EventDate "2013.10.10"]

1.d4 Nf6 2.c4 g6 3.Nc3 Bg7 4.e4 d6 5.f3 O-O 6.Be3 e5 7.d5 Nh5
8.Qd2 f5 9.O-O-O Nd7 10.Bd3 Nc5 11.Bc2 a5 12.Nge2 b6 13.Kb1 f4
14.Bf2 Bd7 15.Nc1 a4 16.Nd3 Qb8 17.Qe2 Ra5 18.Be1 Qb7 19.Nxc5
bxc5 20.Nb5 Ra6 21.Bd3 Bf6 22.Ka1 Be7 23.Rb1 c6 24.dxc6 Bxc6
25.Bc3 Ng7 26.Rhd1 Ne6 27.b4 axb3 28.Rxb3 Rfa8 29.Rd2 Ra4 30.Bb1
Nc7 31.Rdb2 Nxb5 32.cxb5 Bd7 33.b6 Be6 34.Rb5 Bc4 35.Qc2 Kg7
36.g3 fxg3 37.hxg3 Bxb5 38.Rxb5 Bf6 39.Qb2 R4a6 40.f4 Qe7 41.fxe5
Bxe5 42.Bxe5+ Qxe5 43.Qxe5+ dxe5 44.Rxc5 Rxb6 45.Rxe5 Rc8 46.a4
Rc1 47.Rb5 Rxb5 48.axb5 Rc5 49.Bd3 Rc3 50.Be2 Rxg3 51.Bc4 Rc3
52.Bd5 Rc5 53.Bc6 Kf6 54.Kb2 Ke5 55.Kb3 Kd6 56.Be8 Re5 57.Bc6
Kc5 58.Kc3 Re6 59.Bd5 Rd6 60.Bc4 Rd4 61.Bd3 Rxd3+ 62.Kxd3 Kxb5
63.Kd4 Kc6 64.Ke5 Kd7 65.Kf6 Ke8 0-1

[Event "DRUGA LIGA CENTRALNE SRBIJE 2013 - Istok"]
[Site "Zajecar"]
[Date "2013.10.10"]
[Round "1.53"]
[White "Kraguljac, Pero"]
[Black "Pantic, Dejan"]
[Result "1/2-1/2"]
[WhiteElo "2126"]
[BlackElo "1859"]
[PlyCount "0"]
[EventDate "2013.10.10"]

1.Nf3 d5 2.g3 Nf6 3.Bg2 Nc6 4.O-O e5 5.d3 Be7 6.Nbd2 O-O 7.e4
dxe4 8.dxe4 Bg4 9.c3 h6 10.Qc2 Qc8 11.Nc4 Bxf3 12.Bxf3 Nh7 13.Ne3
Ng5 14.Bg2 Rd8 15.Nf5 Bf6 16.h4 Ne6 17.Qe2 Qd7 18.Qf3 Be7 19.Bxh6
gxh6 20.Nxh6+ Kg7 21.Qxf7+ Kxh6 22.Bh3 Bxh4 23.Qxd7 Rxd7 24.Bxe6
Rd6 25.Bf5 Bf6 26.Kg2 Rh8 27.Rad1 Ne7 28.Rxd6 cxd6 29.Be6 Rd8
30.Rd1 Kg7 31.Kf3 Ng6 32.c4 Ne7 33.Kg4 Nc6 34.b3 Nd4 35.Bd5 b6
36.Kh3 Kg6 37.Rd3 Rh8+ 38.Kg2 Kg5 39.b4 Rh7 40.Ra3 Nc2 41.Rb3
Ne1+ 42.Kg1 Nc2 43.b5 Nd4 44.Ra3 Kg4 45.Kg2 Rc7 46.Rd3 Bg7 47.a4
Kg5 48.Ra3 Kf6 49.a5 bxa5 50.Rxa5 Bh6 51.Ra6 Ke7 52.Ra1 Kf6 53.Ra6
Ke7 54.Ra1 Kf6 55.Ra6 Ke7 1/2-1/2

[Event "DRUGA LIGA CENTRALNE SRBIJE 2013 - Istok"]
[Site "Zajecar"]
[Date "2013.10.10"]
[Round "1.54"]
[White "Jakovljevic, Dejan"]
[Black "Todorovic, Nenad I **"]
[Result "1/2-1/2"]
[WhiteElo "1940"]
[BlackElo "2149"]
[PlyCount "0"]
[EventDate "2013.10.10"]

1.e4 d6 2.d4 Nf6 3.Nc3 e5 4.dxe5 dxe5 5.Qxd8+ Kxd8 6.Bg5 c6 7.O-O-O+
Nbd7 8.Bc4 Ke8 9.h3 b5 10.Bd3 Nc5 11.f4 Ne6 12.fxe5 Nd7 13.Nf3
Nxg5 14.Nxg5 Nxe5 15.Nf3 Nxf3 16.gxf3 Bd6 17.e5 Bc7 18.Be4 Bd7
19.f4 Ke7 20.Ne2 Rac8 21.Rxd7+ Kxd7 22.Bf5+ Ke7 23.Bxc8 Rxc8
24.Nd4 Bb8 25.Nf5+ Kf8 26.Rd1 g6 27.Nd6 Rd8 28.Ne4 Rxd1+ 29.Kxd1
Ke7 30.Ke2 Bc7 31.Kf3 Bd8 32.Nc5 Bb6 33.Ne4 h6 34.Nd2 Ke6 35.Ke4
f5+ 36.exf6 Kxf6 37.Nf3 c5 38.b3 Bc7 39.c4 bxc4 40.bxc4 Ke6 1/2-1/2

[Event "DRUGA LIGA CENTRALNE SRBIJE 2013 - Istok"]
[Site "Zajecar"]
[Date "2013.10.10"]
[Round "1.56"]
[White "Stanisavljevic, Vladan"]
[Black "Pavlovic, Branka *"]
[Result "1-0"]
[WhiteElo "1815"]
[BlackElo "1838"]
[PlyCount "0"]
[EventDate "2013.10.10"]

1.e4 c5 2.Nf3 d6 3.Bb5+ Bd7 4.Qe2 Nc6 5.Nc3 Nf6 6.d3 g6 7.O-O
Bg7 8.h3 O-O 9.Bd2 a6 10.Bxc6 Bxc6 11.Rfe1 Nd7 12.Nh2 Re8 13.Reb1
e6 14.f4 d5 15.Nf3 Qb6 16.Kh1 Nf6 17.Ne5 Nh5 18.Kh2 Bxe5 19.fxe5
Qc7 20.exd5 exd5 21.g4 Ng7 22.Bf4 Ne6 23.Bg3 Qe7 24.Qf2 Nd4 25.Bh4
g5 26.Bg3 Kg7 27.Nd1 Rh8 28.Ne3 Qe6 29.c3 Nb5 30.Nf5+ Kg8 31.Qxc5
h5 32.Qe3 f6 33.Kg1 hxg4 34.hxg4 d4 35.Qd2 Rf8 36.c4 Nc7 37.exf6
Rh1+ 1-0

[Event "DRUGA LIGA CENTRALNE SRBIJE 2013 - Istok"]
[Site "Zajecar"]
[Date "2013.10.10"]
[Round "1.58"]
[White "Mijajlovic, Jovan **"]
[Black "Stankovic, Sara"]
[Result "1-0"]
[WhiteElo "1538"]
[BlackElo "1434"]
[PlyCount "0"]
[EventDate "2013.10.10"]

1.e4 d6 2.d4 Nf6 3.Nc3 g6 4.Be2 Bg7 5.Be3 O-O 6.f4 Nc6 7.e5 Ne8
8.d5 Nb8 9.Nf3 c6 10.Bd4 cxd5 11.exd6 Bxd4 12.Qxd4 Qxd6 13.Nxd5
Nc6 14.Qd2 Bf5 15.Rc1 Be4 16.Nc3 Qxd2+ 17.Kxd2 Rd8+ 18.Ke1 Nf6
19.Nxe4 Nxe4 20.Bd3 Nc5 21.Ke2 Nxd3 22.cxd3 Nb4 23.Rhd1 Nxa2
24.Rc7 Nb4 25.Rxb7 Nd5 26.g3 Rb8 27.Rxa7 Rxb2+ 28.Rd2 Nc3+ 29.Ke3
Rxd2 30.Kxd2 Nd5 31.Rd7 e6 32.Ne5 Nf6 33.Ra7 h5 34.h3 Nd5 35.Nd7
Rd8 36.Ne5 Rf8 37.Ke2 Kg7 38.Kf3 Nf6 39.g4 hxg4+ 40.hxg4 Nd5
41.Rd7 Kf6 42.Ke4 Nc3+ 43.Kd4 Ne2+ 44.Ke3 Nc3 45.Kd2 Nd5 46.Rxd5
exd5 47.Nd7+ Ke7 48.Nxf8 Kxf8 49.Ke3 Ke7 50.Kd4 Kd6 51.g5 Kc6
52.Ke5 Kc5 53.Kf6 Kd4 54.Kxf7 Kxd3 55.Kxg6 Kc2 56.f5 d4 57.f6
d3 58.f7 d2 59.f8Q d1Q 60.Qc5+ Kb3 61.Qb5+ Kc3 62.Qe5+ Kc4 63.Qc7+
Kb3 64.Qb6+ Kc3 65.Qc5+ Kb3 66.Qe3+ Kb4 67.Qf4+ Kc3 68.Kg7 Qd7+
69.Qf7 Qg4 70.g6 Kd2 71.Qa2+ Ke3 72.Qb3+ Kd2 73.Qb2+ Kd3 74.Qb1+
Kd2 75.Qb2+ Kd3 76.Qf6 Qd7+ 77.Kf8 Qc8+ 78.Kf7 Qd7+ 79.Qe7 Qf5+
80.Qf6 Qd7+ 81.Kg8 Qe8+ 82.Kh7 Qd7+ 83.g7 Qh3+ 84.Qh6 Qd7 85.Qg6+
Ke3 86.Qf6 Qh3+ 87.Qh6+ Qxh6+ 88.Kxh6 1-0

[Event "DRUGA LIGA CENTRALNE SRBIJE 2013 - Istok"]
[Site "Zajecar"]
[Date "2013.10.10"]
[Round "1.64"]
[White "Ivic, Matija **"]
[Black "Vranjanac, Cedomir"]
[Result "1/2-1/2"]
[WhiteElo "1923"]
[BlackElo "1825"]
[PlyCount "0"]
[EventDate "2013.10.10"]

1.c4 f5 2.g3 Nf6 3.Bg2 e6 4.Nf3 Be7 5.b3 O-O 6.O-O d6 7.Bb2 c6
8.d3 Bd7 9.Nbd2 Qe8 10.d4 a5 11.Qc2 Na6 12.a3 Nc7 13.e4 fxe4
14.Nxe4 Nxe4 15.Qxe4 Bf6 16.Rfd1 Qf7 17.b4 axb4 18.axb4 Rxa1
19.Rxa1 Ra8 20.Rxa8+ Nxa8 21.c5 dxc5 22.bxc5 Nc7 23.Bf1 g6 24.Ne5
Bxe5 25.Qxe5 Nd5 26.Be2 h5 27.Bd3 Be8 28.f4 Qf6 29.Qb8 Qf7 30.Qe5
Qf6 31.Qe2 Kg7 32.Be4 Bf7 33.Qf2 g5 34.Bc1 gxf4 35.Bxd5 exd5
36.Bxf4 Kh7 37.Qc2+ Bg6 38.Qb2 Qf7 39.Kf2 Bf5 40.Qb6 Bg4 41.Qd8
Qe6 42.Be5 Qf5+ 43.Kg1 Qb1+ 44.Kg2 Qc2+ 45.Kg1 Qd1+ 46.Kg2 Qe2+
47.Kg1 Qe3+ 48.Kg2 Qe2+ 49.Kg1 1/2-1/2

[Event "DRUGA LIGA CENTRALNE SRBIJE 2013 - Istok"]
[Site "Zajecar"]
[Date "2013.10.10"]
[Round "1.65"]
[White "Zlatanovic, Jovana **"]
[Black "Ljuboja, Ognjen **"]
[Result "0-1"]
[WhiteElo "1707"]
[BlackElo "1810"]
[PlyCount "0"]
[EventDate "2013.10.10"]

1.e4 c5 2.Nf3 Nc6 3.d3 g6 4.g3 Bg7 5.Bg2 d6 6.O-O e6 7.Re1 Nge7
8.c3 Qb6 9.Na3 O-O 10.Nc2 e5 11.a3 a5 12.a4 Be6 13.Nd2 f5 14.Bh3
Nd8 15.Na3 f4 16.Bxe6+ Nxe6 17.Qb3 Qxb3 18.Nxb3 Bh6 19.Nc4 Nc6
20.Nxd6 fxg3 21.hxg3 Bxc1 22.Raxc1 Ng5 23.Kg2 b6 24.Nc4 Rab8
25.Rc2 Rf7 26.Ne3 Nf3 27.Ree2 Ne7 28.Nc4 Nc6 29.Re3 Ng5 30.Nbd2
Kg7 31.Nd6 Rd7 32.N2c4 Rbd8 33.Nb5 Rxd3 34.Rxd3 Rxd3 35.Re2 Nf3
36.Nxb6 h5 37.Nc4 g5 38.Nbd6 g4 39.Nb7 Rd1 0-1